How to manage your boss : developing the perfect working relationship

Bibliographic Details
Main Author: JAY
Format: Book
Published: London : Prentice Hall , 2002
Subjects:

MARC

LEADER 00000cam a2200000 7i4500
001 0000002881
005 20040205.0
020 0 0 |a 0273659316 
090 0 0 |a 658.3   |b JAY 2002 
100 1 0 |a JAY   |h Ros 
245 1 0 |a How to manage your boss :   |b developing the perfect working relationship   |c Ros Jay 
260 0 0 |a London :   |b Prentice Hall ,   |c 2002 
300 |a x, 168 p. ;   |c 24 cm. 
650 0 0 |a Managing your boss 
650 0 0 |a Personnel management 
998 |a JPSM 
999 |a 0000005153   |b Monograph   |c Open Shelf   |e Default branch